header

Critical properties of [Greek letter phi]4-theories (Record no. 32878)

MARC details
000 -LEADER
fixed length control field 01224nam a2200313Ia 4500
100 1# - MAIN ENTRY--AUTHOR NAME
Personal name Kleinert, Hagen.
245 10 - TITLE STATEMENT
Title Critical properties of [Greek letter phi]4-theories
260 ## - PUBLICATION, DISTRIBUTION, ETC. (IMPRINT)
Place of publication River Edge, N.J. :
Name of publisher World Scientific,
Year of publication c2001.
300 ## - PHYSICAL DESCRIPTION
Number of Pages xx, 489 p. :
Other physical details ill.
650 #0 - SUBJECT ADDED ENTRY--TOPICAL TERM
Topical Term Perturbation (Quantum dynamics)
Topical Term Physics.
700 1# - ADDED ENTRY--PERSONAL NAME
Personal name Schulte-Frohlinde, Verena.
856 40 - ELECTRONIC LOCATION AND ACCESS
Uniform Resource Identifier http://site.ebrary.com/lib/rucke/Doc?id=10255362

No items available.

© 2026 Rongo University
Contact us: librarian | system librarian | Rongo university